[Event "Voronezh Raev Memorial"]
[Site "Voronezh"]
[Date "2018.12.25"]
[Round "6"]
[White "Sakorenko, Adriana"]
[Black "Ioffe, Ilya"]
[Result "1-0"]
[WhiteElo "2089"]
[BlackElo "2241"]
[PlyCount "63"]
[EventDate "2018.12.20"]
[EventType "tourn"]
[EventRounds "9"]
[EventCountry "RUS"]
[SourceTitle "CBM 188 Extra"]
[Source "ChessBase"]
[SourceDate "2019.02.26"]
[SourceVersion "1"]
[SourceVersionDate "2019.02.26"]
[SourceQuality "1"]

1. Nf3 d5 2. c4 c6 3. e3 Nf6 4. Nc3 e6 5. b3 Nbd7 6. Bb2 b6 7. Qc2 Bb7 8. Be2 Bd6 9. 0-0 0-0 10. d4 c5 11. cxd5 exd5 12. Rac1 Rc8 13. Qb1 Qe7 14. Rfd1 Rfd8 15. Bf1 a6 16. dxc5 bxc5 17. Qf5 Qe6 18. Qxe6 fxe6 19. Na4 Kf7 20. Ba3 e5 21. Rc2 Rc7 22. Nd2 Bf8 23. f3 Rdc8 24. Rdc1 g6 25. Kf2 Ke6 26. g3 a5 27. h4 Bd6 28. g4 h6 29. g5 hxg5 30. hxg5 Nh7 31. Bh3+ Ke7 32. Bxd7 1-0

[Event "Voronezh Raev Memorial"]
[Site "Voronezh"]
[Date "2018.12.24"]
[Round "5"]
[White "Ioffe, Ilya"]
[Black "Kochukova, Anna"]
[Result "1/2-1/2"]
[WhiteElo "2241"]
[BlackElo "2228"]
[PlyCount "122"]
[EventDate "2018.12.20"]
[EventType "tourn"]
[EventRounds "9"]
[EventCountry "RUS"]
[SourceTitle "CBM 188 Extra"]
[Source "ChessBase"]
[SourceDate "2019.02.26"]
[SourceVersion "1"]
[SourceVersionDate "2019.02.26"]
[SourceQuality "1"]

1. e4 c5 2. Nf3 e6 3. c3 Nf6 4. e5 Nd5 5. d4 cxd4 6. cxd4 b6 7. Bc4 Ba6 8. b3 Qc8 9. Nbd2 Nc6 10. 0-0 Ncb4 11. Bxa6 Qxa6 12. Nc4 b5 13. Ne3 Rc8 14. Nxd5 Nxd5 15. Ng5 Be7 16. Qh5 Bxg5 17. Qxg5 0-0 18. Qg4 Kh8 19. Bg5 b4 20. Qe4 Rc6 21. h4 Rfc8 22. Qf3 Kg8 23. Qg4 Qd3 24. Rfd1 Qf5 25. Qxf5 exf5 26. a3 f4 27. h5 h6 28. Bh4 g5 29. hxg6 fxg6 30. Bf6 Nxf6 31. exf6 bxa3 32. Rxa3 a6 33. Rda1 Rc1+ 34. Kh2 Rxa1 35. Rxa1 Rc6 36. Kh3 Kf7 37. Kg4 Rxf6 38. Ra5 g5 39. Kh5 Ke7 40. b4 Rb6 41. d5 Kf7 42. Ra4 Kf8 43. Ra5 Ke7 44. Ra4 Kd8 45. Ra5 Kc7 46. Ra4 Kb7 47. g3 Rf6 48. gxf4 Rxf4 49. Kxh6 g4 50. Kg5 Rxf2 51. Kxg4 Kb6 52. Kg3 Rd2 53. Kf4 Rxd5 54. Ke4 Rd1 55. Ke3 d6 56. Ke2 Rd4 57. Ke3 Rh4 58. Kd3 Rg4 59. Kc3 Rh4 60. Kd3 Kb5 61. Ra5+ Kb6 1/2-1/2

[Event "Voronezh Region-ch"]
[Site "Voronezh"]
[Date "2018.11.30"]
[Round "8"]
[White "Ioffe, Ilya"]
[Black "Klimentov, Evgeny"]
[Result "1-0"]
[WhiteElo "2241"]
[BlackElo "2135"]
[PlyCount "83"]
[EventDate "2018.11.23"]
[EventType "swiss"]
[EventRounds "9"]
[EventCountry "RUS"]
[SourceTitle "CBM 188 Extra"]
[Source "ChessBase"]
[SourceDate "2019.02.26"]
[SourceVersion "1"]
[SourceVersionDate "2019.02.26"]
[SourceQuality "1"]

1. e4 d6 2. d4 g6 3. Nf3 Bg7 4. Bc4 a6 5. 0-0 e6 6. Qe2 Ne7 7. Bb3 b6 8. c3 h6 9. Bf4 Nd7 10. Nbd2 Bb7 11. h3 0-0 12. Rfe1 Nc6 13. Qe3 Kh7 14. Rad1 b5 15. Bg3 Nb6 16. e5 Na5 17. Ne4 Bxe4 18. Qxe4 d5 19. Qb1 Nxb3 20. axb3 Qc8 21. h4 Kg8 22. h5 g5 23. Nh2 Nd7 24. Ng4 f5 25. exf6 Nxf6 26. Nxh6+ Kh8 27. Qg6 Qe8 28. Qxg5 Ne4 29. Rxe4 dxe4 30. Bxc7 e5 31. Bxe5 Bxe5 32. dxe5 Ra7 33. Ng4 Rg7 34. Qh6+ Rh7 35. Qg6 Rg7 36. Qxe8 Rxe8 37. Nf6 Rf8 38. Nxe4 Re7 39. Rd5 Rf5 40. Nd6 Rxh5 41. f4 Rh4 42. Nf5 1-0

[Event "St Petersburg Korchnoi Memorial op"]
[Site "St Petersburg"]
[Date "2018.08.16"]
[Round "2"]
[White "Ioffe, Ilya"]
[Black "Aleksandrov, Aleksej"]
[Result "1/2-1/2"]
[WhiteElo "2267"]
[BlackElo "2585"]
[PlyCount "96"]
[EventDate "2018.08.15"]
[EventType "swiss"]
[EventRounds "9"]
[EventCountry "RUS"]
[SourceTitle "CBM 186 Extra"]
[Source "ChessBase"]
[SourceDate "2018.08.24"]
[SourceVersion "1"]
[SourceVersionDate "2018.08.24"]
[SourceQuality "1"]

1. e4 e5 2. Nf3 Nc6 3. Bc4 Bc5 4. 0-0 Nf6 5. d3 d6 6. c3 h6 7. Nbd2 a5 8. Re1 0-0 9. h3 Be6 10. a4 Re8 11. Bb5 Bd7 12. Nf1 Ne7 13. Bxd7 Qxd7 14. Ng3 Ng6 15. d4 Bb6 16. Be3 exd4 17. Bxd4 Bxd4 18. cxd4 Ra6 19. Rc1 Rb6 20. b3 Rb4 21. Rc4 b5 22. Rxb4 axb4 23. axb5 Qxb5 24. Qc2 Qd7 25. d5 Qd8 26. Qd2 Qb8 27. Nd4 Qb6 28. Nc6 Nd7 29. Qxb4 Qxb4 30. Nxb4 Nc5 31. Nc6 Nxb3 32. Rb1 Nc5 33. f3 Ra8 34. Rb8+ Rxb8 35. Nxb8 Ne7 36. Kf2 Kf8 37. Ke3 Ke8 38. Ne2 f5 39. Nd4 g6 40. g3 fxe4 41. fxe4 Kd8 42. h4 Kc8 43. Nbc6 Nxc6 44. Nxc6 Kd7 45. g4 Ke8 46. e5 Nd7 47. exd6 cxd6 48. g5 hxg5 1/2-1/2

[Event "Voronezh op-A 22nd"]
[Site "Voronezh"]
[Date "2018.06.20"]
[Round "8"]
[White "Cherniaev, Alexander"]
[Black "Ioffe, Ilya"]
[Result "1-0"]
[WhiteElo "2417"]
[BlackElo "2240"]
[PlyCount "67"]
[EventDate "2018.06.12"]
[EventType "swiss"]
[EventRounds "9"]
[EventCountry "RUS"]
[SourceTitle "CBM 185 Extra"]
[Source "ChessBase"]
[SourceDate "2018.07.29"]
[SourceVersion "1"]
[SourceVersionDate "2018.07.29"]
[SourceQuality "1"]

1. e4 e5 2. Nf3 Nc6 3. Bb5 a6 4. Ba4 Nf6 5. 0-0 Be7 6. Re1 b5 7. Bb3 0-0 8. a3 d6 9. c3 Na5 10. Ba2 c5 11. d3 Nc6 12. Nbd2 Qc7 13. Nf1 Bd7 14. h3 h6 15. Ne3 Rac8 16. Nh4 Be6 17. Nhf5 Bxa2 18. Rxa2 Qd7 19. a4 Qe6 20. Ra1 Nd7 21. axb5 axb5 22. Qg4 Bg5 23. h4 Nf6 24. Qg3 Nh5 25. Qf3 Bxe3 26. Bxe3 Qg6 27. Ra6 Rfe8 28. Rb6 Re6 29. Ra1 Kh7 30. Raa6 d5 31. exd5 Nd4 32. cxd4 Rxb6 33. Rxb6 Qxb6 34. dxc5 1-0

[Event "Voronezh op-A 22nd"]
[Site "Voronezh"]
[Date "2018.06.19"]
[Round "7"]
[White "Drygalov, Andrey"]
[Black "Ioffe, Ilya"]
[Result "1-0"]
[WhiteElo "2435"]
[BlackElo "2240"]
[PlyCount "51"]
[EventDate "2018.06.12"]
[EventType "swiss"]
[EventRounds "9"]
[EventCountry "RUS"]
[SourceTitle "CBM 185 Extra"]
[Source "ChessBase"]
[SourceDate "2018.07.29"]
[SourceVersion "1"]
[SourceVersionDate "2018.07.29"]
[SourceQuality "1"]

1. e4 e5 2. Nf3 Nc6 3. Bb5 a6 4. Ba4 Nf6 5. 0-0 Be7 6. d3 b5 7. Bb3 d6 8. a4 Bd7 9. c3 0-0 10. Bc2 Re8 11. Re1 h6 12. Nbd2 Bf8 13. Nf1 b4 14. Ne3 Rb8 15. h3 g6 16. Bd2 Bg7 17. a5 bxc3 18. bxc3 Rb7 19. Bb3 Ne7 20. Qc2 Qb8 21. Reb1 Bb5 22. d4 exd4 23. cxd4 Nc6 24. e5 dxe5 25. Qxg6 Rf8 26. Nf5 1-0

[Event "Voronezh Region-ch"]
[Site "Voronezh"]
[Date "2017.12.13"]
[Round "1"]
[White "Lukovnikov, Alexander"]
[Black "Ioffe, Ilya"]
[Result "0-1"]
[WhiteElo "2241"]
[BlackElo "2074"]
[PlyCount "46"]
[EventDate "2017.12.12"]
[EventType "swiss"]
[EventRounds "9"]
[EventCountry "RUS"]
[SourceTitle "CBM 182 Extra"]
[Source "ChessBase"]
[SourceDate "2018.02.23"]
[SourceVersion "1"]
[SourceVersionDate "2018.02.23"]
[SourceQuality "1"]

1. e4 e5 2. Nc3 Nf6 3. f4 d5 4. fxe5 Nxe4 5. d3 Nxc3 6. bxc3 c5 7. Nf3 Be7 8. Be2 Nc6 9. 0-0 0-0 10. Bf4 Be6 11. Qe1 Kh8 12. Rb1 b6 13. Qg3 h6 14. Rf2 g5 15. Bd2 f5 16. exf6 Bd6 17. Ne5 Bxe5 18. Qe3 Rxf6 19. Rxf6 Qxf6 20. Rf1 Qg7 21. Bh5 Rf8 22. Re1 Bg8 23. Qh3 Bxc3 0-1

[Event "Voronezh op-A 21st"]
[Site "Voronezh"]
[Date "2017.06.19"]
[Round "7"]
[White "Smirnova, Ekaterina"]
[Black "Ioffe, Ilya"]
[Result "1-0"]
[WhiteElo "2216"]
[BlackElo "2214"]
[PlyCount "95"]
[EventDate "2017.06.12"]
[EventType "swiss"]
[EventRounds "9"]
[EventCountry "RUS"]
[SourceTitle "EXT 2018"]
[Source "ChessBase"]
[SourceDate "2017.10.13"]
[SourceVersion "1"]
[SourceVersionDate "2017.10.13"]
[SourceQuality "1"]

1. d4 d5 2. c4 c6 3. Nc3 Nf6 4. e3 e6 5. Nf3 Nbd7 6. Qc2 b6 7. e4 dxe4 8. Nxe4 Bb7 9. Nxf6+ Nxf6 10. Be2 c5 11. 0-0 Be7 12. Rd1 Qc7 13. h3 0-0 14. Be3 Rad8 15. dxc5 Bxc5 16. Bxc5 Qxc5 17. Rxd8 Rxd8 18. Rd1 Rd6 19. Rxd6 Qxd6 20. Qd2 Qxd2 21. Nxd2 Kf8 22. f4 Ke7 23. Kf2 Kd6 24. b4 e5 25. g3 exf4 26. gxf4 Bc8 27. h4 Ng4+ 28. Kf3 f5 29. Bd3 g6 30. Nb3 Bb7+ 31. Ke2 Nf6 32. Ke3 Be4 33. Be2 Bb1 34. a3 Ne4 35. Nd2 Nc3 36. Bf3 Bc2 37. Kd4 Na4 38. c5+ bxc5+ 39. bxc5+ Kc7 40. Bd5 Bd1 41. Bg8 h6 42. Bf7 Nb2 43. Bxg6 Bg4 44. Nc4 Nxc4 45. Kxc4 Be2+ 46. Kd4 Bg4 47. Ke5 Kc6 48. Bxf5 1-0

[Event "Voronezh op-A 21st"]
[Site "Voronezh"]
[Date "2017.06.18"]
[Round "6"]
[White "Tsvetkov, Andrey"]
[Black "Ioffe, Ilya"]
[Result "1-0"]
[WhiteElo "2072"]
[BlackElo "2214"]
[PlyCount "63"]
[EventDate "2017.06.12"]
[EventType "swiss"]
[EventRounds "9"]
[EventCountry "RUS"]
[SourceTitle "EXT 2018"]
[Source "ChessBase"]
[SourceDate "2017.10.13"]
[SourceVersion "1"]
[SourceVersionDate "2017.10.13"]
[SourceQuality "1"]

1. d4 d5 2. c4 c6 3. Nf3 Nf6 4. g3 Bf5 5. Nc3 e6 6. Nh4 Bg4 7. Qb3 Qb6 8. f3 Bh5 9. c5 Qc7 10. Bf4 Qc8 11. e4 Be7 12. exd5 Nxd5 13. Nxd5 cxd5 14. Bxb8 Rxb8 15. Bb5+ Kf8 16. Ng2 g5 17. 0-0 Bf6 18. Qe3 e5 19. Rae1 exd4 20. Qb3 Kg7 21. f4 Qd8 22. fxg5 Bxg5 23. Re5 Bg6 24. Rxd5 Qe7 25. Rd7 Qxc5 26. Rdxf7+ Kh6 27. h4 Be3+ 28. Nxe3 dxe3 29. Be2 Bxf7 30. Qxf7 Rhg8 31. Qf4+ Rg5 32. hxg5+ 1-0

[Event "Voronezh op-A 21st"]
[Site "Voronezh"]
[Date "2017.06.13"]
[Round "2"]
[White "Bykov, Egor"]
[Black "Ioffe, Ilya"]
[Result "1-0"]
[WhiteElo "2332"]
[BlackElo "2214"]
[PlyCount "127"]
[EventDate "2017.06.12"]
[EventType "swiss"]
[EventRounds "9"]
[EventCountry "RUS"]
[SourceTitle "EXT 2018"]
[Source "ChessBase"]
[SourceDate "2017.10.13"]
[SourceVersion "1"]
[SourceVersionDate "2017.10.13"]
[SourceQuality "1"]

1. d4 d5 2. c4 c6 3. Nf3 Nf6 4. e3 Bf5 5. Nc3 e6 6. Nh4 Be4 7. f3 Bg6 8. Qb3 Qc7 9. Bd2 Be7 10. Nxg6 hxg6 11. 0-0-0 dxc4 12. Bxc4 b5 13. Be2 a6 14. Kb1 c5 15. dxc5 Nbd7 16. g4 Nxc5 17. Qc2 Rc8 18. g5 Nfd7 19. f4 Nb6 20. Ne4 Nd5 21. Rc1 0-0 22. h4 Qb7 23. Bf3 b4 24. Nxc5 Rxc5 25. Qe4 Rxc1+ 26. Bxc1 b3 27. h5 Rb8 28. a4 gxh5 29. g6 Bf6 30. gxf7+ Kxf7 31. f5 Nc3+ 32. bxc3 Qxe4+ 33. Bxe4 exf5 34. Bxf5 g6 35. Bd3 Bxc3 36. Bb2 Bxb2 37. Kxb2 a5 38. Bc4+ Kf6 39. Bxb3 Ke5 40. Kc3 Rh8 41. Rg1 Kf6 42. Kd4 h4 43. e4 h3 44. e5+ Ke7 45. Bd5 h2 46. Rb1 Rh4+ 47. Kc5 Rh5 48. Rb7+ Kf8 49. Kd6 h1Q 50. Bxh1 Rxh1 51. Ra7 g5 52. Ra8+ Kg7 53. Rxa5 g4 54. Rd5 Ra1 55. Rd4 g3 56. Ke7 Kg6 57. e6 Kf5 58. Rd5+ Kg6 59. Rd3 Rxa4 60. Rxg3+ Kf5 61. Kf7 Ra6 62. Rf3+ Ke5 63. e7 Ra7 64. Kf8 1-0

[Event "Voronezh IM"]
[Site "Voronezh"]
[Date "2017.02.15"]
[Round "9"]
[White "Matsenko, Andrei"]
[Black "Ioffe, Ilya"]
[Result "1-0"]
[WhiteElo "2356"]
[BlackElo "2280"]
[PlyCount "55"]
[EventDate "2017.02.07"]
[EventType "tourn"]
[EventRounds "9"]
[EventCountry "RUS"]
[EventCategory "5"]
[SourceTitle "CBM 176 Extra"]
[Source "ChessBase"]
[SourceDate "2017.03.02"]
[SourceVersion "1"]
[SourceVersionDate "2017.03.02"]
[SourceQuality "1"]

1. c4 c6 2. e4 d5 3. exd5 cxd5 4. cxd5 Nf6 5. Qa4+ Nbd7 6. Nc3 g6 7. Nf3 Bg7 8. Bc4 0-0 9. d3 Nb6 10. Qb3 Ne8 11. 0-0 Bg4 12. Ng5 Nd6 13. Nge4 Rc8 14. Nxd6 exd6 15. Re1 Be5 16. Ne4 Kg7 17. f4 Bd4+ 18. Be3 Bxe3+ 19. Rxe3 f6 20. Qb4 Rc7 21. Rae1 Nc8 22. Bb3 h5 23. Qd4 Kf7 24. Ng3 Ne7 25. Qxa7 h4 26. Ne4 Bc8 27. R3e2 Nf5 28. Qb6 1-0

[Event "Voronezh IM"]
[Site "Voronezh"]
[Date "2017.02.14"]
[Round "8"]
[White "Ioffe, Ilya"]
[Black "Peskov, Alexsey"]
[Result "0-1"]
[WhiteElo "2280"]
[BlackElo "2389"]
[PlyCount "142"]
[EventDate "2017.02.07"]
[EventType "tourn"]
[EventRounds "9"]
[EventCountry "RUS"]
[EventCategory "5"]
[SourceTitle "CBM 176 Extra"]
[Source "ChessBase"]
[SourceDate "2017.03.02"]
[SourceVersion "1"]
[SourceVersionDate "2017.03.02"]
[SourceQuality "1"]

1. e4 c5 2. c3 Nf6 3. e5 Nd5 4. d4 cxd4 5. cxd4 d6 6. Nf3 e6 7. a3 Bd7 8. Bd3 Bc6 9. 0-0 Nd7 10. Re1 Be7 11. b4 a6 12. Nbd2 Nf4 13. Be4 Rc8 14. Nf1 dxe5 15. dxe5 Ng6 16. Bb2 0-0 17. Ng3 Nb6 18. Bd4 Nd5 19. Qd2 Qd7 20. Rac1 Ndf4 21. Bxc6 Rxc6 22. h4 Rxc1 23. Rxc1 Qd5 24. Be3 Nd3 25. Rd1 Rd8 26. Bb6 Rd7 27. Qe3 Qb3 28. Rd2 Qb1+ 29. Kh2 h6 30. Bd4 Ndf4 31. h5 Nd5 32. Qe4 Qxe4 33. Nxe4 Ngf4 34. g4 Nc7 35. Kg3 Nfd5 36. Bc5 Nb5 37. a4 Na3 38. a5 Kf8 39. Ra2 Nb5 40. Rb2 Ndc3 41. Nfd2 Na4 42. Bxe7+ Kxe7 43. Rc2 Nac3 44. Nc5 Rc7 45. Ndb3 Nd5 46. Rc4 Na3 47. Rc1 Nxb4 48. f4 Nc6 49. Kf3 Nb5 50. Ke4 Nb8 51. g5 Nd7 52. gxh6 gxh6 53. f5 exf5+ 54. Kxf5 Nxc5 55. Nxc5 Nd4+ 56. Ke4 Ne6 57. Nb3 Rxc1 58. Nxc1 Ng7 59. Nd3 Kd7 60. Kd5 Nxh5 61. Nc5+ Kc7 62. Ne4 Nf4+ 63. Kd4 Ne6+ 64. Kd5 h5 65. Nd6 Ng5 66. Nf5 Ne6 67. Nd6 h4 68. Ke4 Ng5+ 69. Kf4 h3 70. Kg3 Kc6 71. Kf2 b6 0-1

[Event "Moscow op-A"]
[Site "Moscow"]
[Date "2016.01.31"]
[Round "2"]
[White "Samusenko, Maksim"]
[Black "Ioffe, Ilya"]
[Result "1-0"]
[WhiteElo "2362"]
[BlackElo "2200"]
[PlyCount "91"]
[EventDate "2016.01.30"]
[EventType "swiss"]
[EventRounds "9"]
[EventCountry "RUS"]
[SourceTitle "CBM 170 Extra"]
[Source "ChessBase"]
[SourceDate "2016.02.25"]
[SourceVersion "1"]
[SourceVersionDate "2016.02.25"]
[SourceQuality "1"]

1. e4 e5 2. Nf3 Nc6 3. Nc3 Nf6 4. Be2 d5 5. exd5 Nxd5 6. 0-0 Nxc3 7. bxc3 Bd6 8. d4 0-0 9. Re1 Bf5 10. Rb1 e4 11. Nd2 Rb8 12. Nc4 Re8 13. Rb5 Bg6 14. Nxd6 Qxd6 15. g3 a6 16. Bf4 Qd7 17. Rb2 Bf5 18. Be3 Red8 19. Qb1 Qc8 20. a4 Be6 21. Bf1 Na5 22. Bf4 Bd5 23. Rb4 Nc6 24. c4 Nxb4 25. Qxb4 Be6 26. d5 Bf5 27. Qc5 b6 28. Qxc7 Rb7 29. Qxc8 Rxc8 30. Be3 a5 31. Rb1 Rcb8 32. Bf4 Rc8 33. Bd6 e3 34. c5 exf2+ 35. Kxf2 Bxc2 36. Rxb6 Rd7 37. Bb5 Rdd8 38. Ke3 f6 39. Kd4 Kf7 40. Rb7+ Kg6 41. Be7 Rg8 42. d6 f5 43. d7 Ra8 44. c6 Be4 45. Rb6 Kf7 46. Bc5 1-0

[Event "Moscow op-A"]
[Site "Moscow"]
[Date "2016.01.30"]
[Round "1"]
[White "Ioffe, Ilya"]
[Black "Kukhmazov, Arsen"]
[Result "0-1"]
[WhiteElo "2200"]
[BlackElo "2414"]
[PlyCount "78"]
[EventDate "2016.01.30"]
[EventType "swiss"]
[EventRounds "9"]
[EventCountry "RUS"]
[SourceTitle "CBM 170 Extra"]
[Source "ChessBase"]
[SourceDate "2016.02.25"]
[SourceVersion "1"]
[SourceVersionDate "2016.02.25"]
[SourceQuality "1"]

1. e4 c6 2. d4 d5 3. e5 Bf5 4. Nf3 e6 5. Be2 Nd7 6. 0-0 h6 7. Nbd2 Ne7 8. Nb3 g5 9. Ne1 Qc7 10. Nd3 Ng6 11. f4 gxf4 12. Nxf4 0-0-0 13. Be3 Be7 14. Bd3 Nh4 15. Qh5 Rh7 16. Bf2 Bxd3 17. Nxd3 Ng6 18. Be3 Rg8 19. Rf2 c5 20. Nd2 c4 21. Nf4 c3 22. bxc3 Qxc3 23. Re1 Nxf4 24. Bxf4 Qxd4 25. c4 Bc5 26. Be3 Qd3 27. Bxc5 Nxc5 28. cxd5 Qxd5 29. Nf3 Nd3 30. Rc2+ Kb8 31. Rd1 Qe4 32. Rcd2 Qe3+ 33. Kf1 Nf4 34. Qh4 Nd5 35. Rc1 Rhg7 36. Qc4 Rxg2 37. Rxg2 Qxf3+ 38. Rf2 Ne3+ 39. Ke1 Rg1+ 0-1

[Event "Chigorin Memorial 23rd"]
[Site "St Petersburg"]
[Date "2015.10.11"]
[Round "9"]
[White "Ioffe, Ilya"]
[Black "Balaian, Alina"]
[Result "0-1"]
[WhiteElo "2087"]
[BlackElo "2269"]
[PlyCount "90"]
[EventDate "2015.10.03"]
[EventType "swiss"]
[EventRounds "9"]
[EventCountry "RUS"]
[SourceTitle "CBM 168 Extra"]
[Source "ChessBase"]
[SourceDate "2015.10.29"]
[SourceVersion "1"]
[SourceVersionDate "2015.10.29"]
[SourceQuality "1"]

1. e4 e6 2. d4 d5 3. Nd2 Nf6 4. e5 Nfd7 5. c3 c5 6. Bd3 Nc6 7. Ne2 cxd4 8. cxd4 f6 9. exf6 Nxf6 10. 0-0 Bd6 11. Nf3 Qc7 12. Bg5 0-0 13. Bh4 Nh5 14. Nc3 Be7 15. Bxe7 Qxe7 16. Bc2 g6 17. Qe2 Bd7 18. Rad1 Rf7 19. Ba4 Raf8 20. Bxc6 Nf4 21. Qe3 Bxc6 22. Ne5 Rf5 23. Nd3 g5 24. Rde1 Bd7 25. Nc5 Bc8 26. Ne2 b6 27. Nd3 Ba6 28. Nec1 Qf6 29. f3 g4 30. Nxf4 Rxf4 31. Rf2 Rxd4 32. fxg4 Qxf2+ 33. Qxf2 Rxf2 34. Kxf2 Rd2+ 35. Kf3 Kf7 36. b3 d4 37. a4 Kf6 38. g5+ Kxg5 39. Rxe6 Bb7+ 40. Kg3 Rxg2+ 41. Kh3 Rg1 42. Re5+ Kf6 43. Nd3 Bc8+ 44. Kh4 Bf5 45. Ne1 Rg4+ 0-1

[Event "Chigorin Memorial 23rd"]
[Site "St Petersburg"]
[Date "2015.10.05"]
[Round "3"]
[White "Ioffe, Ilya"]
[Black "Schekachikhin, Maksim"]
[Result "0-1"]
[WhiteElo "2087"]
[BlackElo "2320"]
[PlyCount "96"]
[EventDate "2015.10.03"]
[EventType "swiss"]
[EventRounds "9"]
[EventCountry "RUS"]
[SourceTitle "CBM 168 Extra"]
[Source "ChessBase"]
[SourceDate "2015.10.29"]
[SourceVersion "1"]
[SourceVersionDate "2015.10.29"]
[SourceQuality "1"]

1. e4 c5 2. c3 Nf6 3. e5 Nd5 4. d4 cxd4 5. cxd4 d6 6. Nf3 Nc6 7. Bc4 Nb6 8. Bb5 d5 9. Nh4 e6 10. Nf3 Bd7 11. Nc3 Be7 12. 0-0 Rc8 13. Bd3 a6 14. Be3 Nb4 15. Bb1 Nc4 16. Qe2 b5 17. a3 Nc6 18. Bd3 0-0 19. Rad1 Rb8 20. Bc1 f6 21. exf6 Bxf6 22. Bb1 Qe7 23. Qd3 g6 24. Rfe1 Qg7 25. Ne2 b4 26. Ba2 bxa3 27. bxa3 N6a5 28. Nf4 Rfe8 29. Re2 Rb6 30. Rde1 Qf7 31. h4 Nd6 32. Ne5 Bxe5 33. Rxe5 Nac4 34. R5e2 Nf5 35. g3 Bb5 36. Qc3 Ng7 37. Qf3 Nf5 38. Qc3 Rc6 39. Nd3 Ncd6 40. Qd2 Nxd4 41. Ne5 Nxe2+ 42. Rxe2 Qc7 43. Nxc6 Bxe2 44. Qxe2 Qxc6 45. Bb2 e5 46. Bxe5 Nc4 47. Bxc4 dxc4 48. Qb2 Qb5 0-1